[Event "Wroclaw Anderssen Memorial op-C"]
[Site "Wroclaw"]
[Date "2023.??.??"]
[Round "1"]
[White "Chaber, Dominik"]
[Black "Orlowska, Aleksandra"]
[Result "1-0"]
[WhiteElo "1393"]
[BlackElo "1062"]
[PlyCount "49"]
[EventDate "2023.08.06"]
[EventType "swiss"]
[EventRounds "9"]
[EventCountry "POL"]
[SourceTitle "EXT 2024"]
[Source "ChessBase"]
[SourceDate "2023.10.10"]
[SourceVersion "1"]
[SourceVersionDate "2023.10.10"]
[SourceQuality "1"]

1. c4 c5 2. Nc3 Nc6 3. Nf3 Nf6 4. g3 g6 5. Bg2 Bg7 6. 0-0 0-0 7. e3 d6 8. d4 Bg4 9. h3 Bd7 10. d5 Nb8 11. e4 Qc8 12. Kh2 Qc7 13. Be3 e6 14. Qd2 exd5 15. exd5 Re8 16. Bh6 Ne4 17. Nxe4 Rxe4 18. Bxg7 Kxg7 19. Qc3+ Kg8 20. Ng5 Re7 21. Ne4 h6 22. Nf6+ Kf8 23. Nxd7+ Rxd7 24. Qh8+ Ke7 25. Rae1# 1-0

[Event "Wroclaw Anderssen Memorial op-C"]
[Site "Wroclaw"]
[Date "2023.??.??"]
[Round "2"]
[White "Chromicz, Andrzej"]
[Black "Chaber, Dominik"]
[Result "0-1"]
[WhiteElo "1184"]
[BlackElo "1393"]
[PlyCount "116"]
[EventDate "2023.08.06"]
[EventType "swiss"]
[EventRounds "9"]
[EventCountry "POL"]
[SourceTitle "EXT 2024"]
[Source "ChessBase"]
[SourceDate "2023.10.10"]
[SourceVersion "1"]
[SourceVersionDate "2023.10.10"]
[SourceQuality "1"]

1. e4 c5 2. Nf3 Nc6 3. Be2 g6 4. 0-0 Bg7 5. c3 Nf6 6. d3 d6 7. Qc2 0-0 8. Be3 Ng4 9. Nbd2 Nxe3 10. fxe3 Bh6 11. Kf2 e5 12. d4 exd4 13. exd4 cxd4 14. Nxd4 Qh4+ 15. Kg1 Be3+ 16. Kh1 Nxd4 17. cxd4 Bxd2 18. Qxd2 Qxe4 19. Bf3 Qe7 20. Rfe1 Qd7 21. Re3 Re8 22. Rxe8+ Qxe8 23. Re1 Qb5 24. h3 Bd7 25. b3 Re8 26. Rxe8+ Bxe8 27. d5 Qd7 28. Qd4 b6 29. Qc4 Qe7 30. Qc1 Kg7 31. Kg1 f6 32. Kf2 Bf7 33. Qc6 h6 34. Qa8 g5 35. g4 Bg6 36. Qc6 f5 37. Qc3+ Kh7 38. Qc8 f4 39. Qc3 Qd8 40. Qc6 Qe7 41. Qc3 b5 42. b4 a6 43. a3 Qa7+ 44. Kf1 Qe7 45. Kf2 Qg7 46. Qxg7+ Kxg7 47. Ke2 Kf6 48. Kd2 Ke5 49. Kc3 Be4 50. Bd1 Bxd5 51. a4 bxa4 52. Bxa4 Bg2 53. Kd3 Bxh3 54. Bd1 Bf1+ 55. Kd2 Kd4 56. Ke1 Bb5 57. Kf2 d5 58. Kf3 Kc3 0-1

[Event "Jastrzebie Zdroj op 4th"]
[Site "Jastrzebie Zdroj"]
[Date "2021.11.11"]
[Round "7"]
[White "Stronczek, Karol"]
[Black "Chaber, Dominik"]
[Result "1/2-1/2"]
[WhiteElo "1285"]
[BlackElo "1214"]
[PlyCount "62"]
[EventDate "2021.11.07"]
[EventType "swiss"]
[EventRounds "9"]
[EventCountry "POL"]
[SourceTitle "CBM 205 Extra"]
[Source "ChessBase"]
[SourceDate "2022.01.31"]
[SourceVersion "1"]
[SourceVersionDate "2022.01.31"]
[SourceQuality "1"]

1. b4 Nf6 2. Bb2 e6 3. a3 b6 4. e3 Bb7 5. Nf3 Nc6 6. d4 d5 7. c4 a6 8. Nbd2 Be7 9. Be2 h6 10. 0-0 Nd7 11. Qc2 Bf6 12. c5 bxc5 13. bxc5 g5 14. Rfb1 Bc8 15. Bc3 Nf8 16. Ne1 h5 17. h3 Ng6 18. Nd3 Bg7 19. Nb4 Nxb4 20. Rxb4 g4 21. hxg4 hxg4 22. Bxg4 Qh4 23. Bh3 e5 24. Nf3 Qh6 25. Qa4+ Ke7 26. Qc6 Bxh3 27. Qxc7+ Bd7 28. Qd6+ Ke8 29. Rb8+ Rxb8 30. Qxb8+ Ke7 31. Qd6+ Ke8 1/2-1/2

[Event "Jastrzebie Zdroj op 4th"]
[Site "Jastrzebie Zdroj"]
[Date "2021.11.09"]
[Round "4"]
[White "Drabiniok, Kazimierz"]
[Black "Chaber, Dominik"]
[Result "1-0"]
[WhiteElo "1856"]
[BlackElo "1214"]
[PlyCount "65"]
[EventDate "2021.11.07"]
[EventType "swiss"]
[EventRounds "9"]
[EventCountry "POL"]
[SourceTitle "CBM 205 Extra"]
[Source "ChessBase"]
[SourceDate "2022.01.31"]
[SourceVersion "1"]
[SourceVersionDate "2022.01.31"]
[SourceQuality "1"]

1. e4 c5 2. b3 Nc6 3. Bb2 e5 4. Bc4 Nf6 5. Nc3 Be7 6. Nge2 0-0 7. 0-0 a6 8. Bd5 Nb4 9. f4 d6 10. a3 Nbxd5 11. exd5 b5 12. Ng3 Bb7 13. fxe5 dxe5 14. Qe2 Bd6 15. Nf5 Re8 16. Ne4 Nxe4 17. Qxe4 f6 18. c4 Qd7 19. Rf3 g6 20. Nxd6 Qxd6 21. Qh4 Rf8 22. Raf1 Kg7 23. Rh3 Rh8 24. Qh6+ Kg8 25. Rhf3 Rf8 26. h4 Bc8 27. h5 f5 28. Rg3 Kf7 29. Re3 Re8 30. g4 f4 31. Rxf4+ Ke7 32. Bxe5 Qd7 33. Qg5# 1-0

[Event "Jastrzebie Zdroj op 4th"]
[Site "Jastrzebie Zdroj"]
[Date "2021.11.07"]
[Round "1"]
[White "Chaber, Dominik"]
[Black "Matusiak, Andrzej1111"]
[Result "1-0"]
[WhiteElo "1214"]
[BlackElo "1659"]
[PlyCount "86"]
[EventDate "2021.11.07"]
[EventType "swiss"]
[EventRounds "9"]
[EventCountry "POL"]
[SourceTitle "CBM 205 Extra"]
[Source "ChessBase"]
[SourceDate "2022.01.31"]
[SourceVersion "1"]
[SourceVersionDate "2022.01.31"]
[SourceQuality "1"]

1. g3 e5 2. Bg2 d5 3. e3 Nf6 4. d3 Nc6 5. Nc3 Bb4 6. Bd2 0-0 7. a3 Ba5 8. b4 Bb6 9. Na4 Be6 10. Nxb6 axb6 11. Bc3 e4 12. Bxf6 Qxf6 13. dxe4 dxe4 14. Bxe4 Qc3+ 15. Kf1 Rxa3 16. Rxa3 Qxa3 17. b5 Rd8 18. Qh5 g6 19. Qg5 Rd1+ 20. Kg2 Na5 21. Bd3 Qd6 22. e4 Kg7 23. h4 h6 24. Qe3 h5 25. Nf3 Rxh1 26. Kxh1 Nc4 27. Bxc4 Bxc4 28. Qc3+ Qf6 29. e5 Qe6 30. Ng5 Qd5+ 31. Kh2 Kg8 32. e6 Qc5 33. exf7+ Bxf7 34. Qxc5 bxc5 35. Nxf7 Kxf7 36. g4 Ke6 37. Kg3 c4 38. Kf4 hxg4 39. Kg5 Kf7 40. Kxg4 Kf6 41. Kf4 c6 42. bxc6 bxc6 43. Ke4 g5 1-0